00385nam a2200133Ia 4500003000400000005001700004008004100021040000900062082001700071100002000088245008300108260005200191300000800243OSt20210225111225.0190216s9999||||xx |||||||||||||| ||und|| coclc a181.4bKRI/H aKrishnamurti, J 0aHappy Is The Man Who Is Nothing :bLetters To A Young Friend /cJ Krishnamurti bKrishnamurti Foundation Inida,c2012.aChennai: a68p